| 000 | 00377nam a2200133 a 4500 | ||
|---|---|---|---|
| 005 | 20140414132058.0 | ||
| 008 | 110725s19uu xx 00 eng d | ||
| 050 |
_aREF 600 _bSCI 1978 |
||
| 245 | _aScience and the future. | ||
| 260 |
_aChicago : _bEncyclopedia Britannica, _c1978. |
||
| 650 |
_aTechnology _xPopular works. |
||
| 650 |
_aScience _xPopular works. |
||
| 999 |
_c114370 _d114370 |
||